Desarrollar la práctica reflexiva en el oficio de enseñar

Gorde:
Xehetasun bibliografikoak
Egile nagusia: Perrenoud, Philippe (Egilea)
Formatua: Liburua
Hizkuntza:gaztelania
Argitaratua: Barcelona Graó 2007
Edizioa:4a. ed
Saila:Crítica y Fundamentos, 1
Gaiak:
Etiketak: Etiketa erantsi
Etiketarik gabe, Izan zaitez lehena erregistro honi etiketa jartzen!

MARC

LEADER 00000cam a2200000 a 4500
001 UCC4820
003 CL-VaPUC
008 180831e20070000sp |||||||||||||||||spa|d
020 |a 9788478273232 
082 0 4 |a 371.102  |b PER  |2 21 
100 0 |a Perrenoud, Philippe  |e author  |9 222222 
245 1 0 |a Desarrollar la práctica reflexiva en el oficio de enseñar 
250 |a 4a. ed 
300 |a 224 p 
942 |c BK 
945 |d 20180831 12:04:00  |a dcastane 
260 |a Barcelona  |b Graó  |c 2007 
650 0 |a Formación profesional de profesores  |9 307493 
650 0 |a Práctica profesional  |9 358078 
650 0 |a Filosofía de la educación   |9 258384 
650 0 |a Innovaciones pedagógicas  |9 307471 
583 |a last modification  |c 20180831 12:04:00  |k Rodrigo Vera 
490 0 |a Crítica y Fundamentos, 1 
999 |c 372206  |d 372204